British imperialism in India (Record no. 377338)

000 -LEADER
fixed length control field 00337cam a22001217a 4500
008 - FIXED-LENGTH DATA ELEMENTS--GENERAL INFORMATION
fixed length control field 180718b1989 xxu||||| |||| 00| 0 eng d
082 ## - DEWEY DECIMAL CLASSIFICATION NUMBER
Classification number A6x5407 Az37
100 ## - MAIN ENTRY--PERSONAL NAME
Personal name Aziz, K.K.
245 ## - TITLE STATEMENT
Title British imperialism in India
Statement of responsibility, etc. by K.K. Aziz
260 ## - PUBLICATION, DISTRIBUTION, ETC.
Place of publication, distribution, etc. New Delhi
Name of publisher, distributor, etc. Atlantic Pub.
Date of publication, distribution, etc. 1989
300 ## - PHYSICAL DESCRIPTION
Extent 365p.
650 ## - SUBJECT ADDED ENTRY--TOPICAL TERM
Topical term or geographic name entry element India - History - 1870-1947
Holdings
Withdrawn status Lost status Damaged status Not for loan Permanent Location Current Location Date acquired Full call number Barcode Date last seen Price effective from Koha item type
        Indian Institute of Public Administration Indian Institute of Public Administration 1995-06-19 A6x5407 Az37 69191 2018-07-21 2018-07-21 Book

Powered by Koha